Transcending the power game : The way to executive serenity

Đã lưu trong:
Sonraí Bibleagrafaíochta
Príomhúdar: Siu, Rlph Gun Hoy
Formáid: Leabhar
Teanga:Undetermined
Foilsithe: New York John Wiley & Sons 1980
Ábhair:
Clibeanna: Cuir Clib Leis
Gan Chlibeanna, Bí ar an gcéad duine leis an taifead seo a chlibeáil!
Thư viện lưu trữ: Trung tâm Học liệu Trường Đại học Cần Thơ
LEADER 00516nam a2200193Ia 4500
001 CTU_86626
008 210402s9999 xx 000 0 und d
082 |a 650.13 
082 |b S623 
100 |a Siu, Rlph Gun Hoy 
245 0 |a Transcending the power game : 
245 4 |b The way to executive serenity 
245 0 |c Rlph Gun Hoy Siu 
260 |a New York 
260 |b John Wiley & Sons 
260 |c 1980 
650 |a Executives 
904 |i Năm 
980 |a Trung tâm Học liệu Trường Đại học Cần Thơ